000 00301nam a2200109Ia 4500
008 180213s9999||||xx |||||||||||||| ||und||
020 _a9789869451734
100 _a劉采豔
245 0 _c劉采豔
_a這些藥不能一起吃!遠離藥物交互作用100例
250 _a初版
260 _c2017
_a台北市
942 _2ccl
_cBOOK
999 _c4287
_d4287